Vista normal Vista MARC

Entrada Topical Term

Número de registros utilizados en: 1

001 - CONTROL NUMBER

  • control field: 41582

003 - CONTROL NUMBER IDENTIFIER

  • control field: OSt

005 - DATE AND TIME OF LATEST TRANSACTION

  • control field: 20211118113724.0

008 - FIXED-LENGTH DATA ELEMENTS

  • fixed length control field: 211118|| aca||aabn | a|a d

040 ## - CATALOGING SOURCE

  • Original cataloging agency: OSt
  • Transcribing agency: OSt

150 ## - HEADING--TOPICAL TERM

  • Topical term or geographic name entry element: Reorganización fiscal

670 ## - SOURCE DATA FOUND

  • Source citation: Work cat.: (OSt)12743: Pérez, Francisco De Paula autor 29095, Memoria de hacienda, historia y teoría económica : , 1990